|
|
|
|
| LEADER |
00000nab a2200000 a 4500 |
| 001 |
vtls010713398 |
| 003 |
SK-MaSNL |
| 005 |
20260304195137.0 |
| 008 |
250709s2012 xo |||||||||||||||||slo| |
| 035 |
|
|
|a (urnnbn)urn:nbn:sk:snk:ar-a049lw
|
| 035 |
|
|
|a (uuid)e8625442-2d6e-439f-a230-0c7542c5ffd3
|
| 035 |
|
|
|a urn:nbn:sk:snk-ab3g3o
|
| 040 |
|
|
|a SNKBUCL
|b slo
|c SNKBUCL
|e AACR2
|
| 041 |
0 |
|
|a cze
|
| 044 |
|
|
|a xo
|c SK
|
| 100 |
1 |
|
|a Jabor, Antonín,
|d 1953-
|4 aut
|9 116884
|
| 245 |
1 |
0 |
|a BIOMARKERY ZÁNĚTU A ORGÁNOVÉ ZÁTĚŽE V EXTRÉMNÍCH KLINICKÝCH SITUACÍCH
|c A. Jabor, J. Franeková, L. Hošková, P. Sečník Jr.
|
| 700 |
1 |
|
|a Franeková, Janka
|4 aut
|9 851841
|
| 700 |
1 |
|
|a Hošková, L.
|4 aut
|9 1134547
|
| 700 |
1 |
|
|a Sečník, Peter,
|c ml.
|4 aut
|9 1519934
|
| 773 |
0 |
|
|t Laboratórna diagnostika : časopis pre pracovníkov diagnostických laboratórií
|g Roč. 17, č. 2 (2012), s. 44-45
|
| 850 |
|
|
|a Slovenská národná knižnica
|
| 852 |
|
|
|a Slovenská národná knižnica
|
| 954 |
|
|
|a odborná, vedecká literatúra cudzojazyčná (svetová)
|2 lita
|
| 954 |
|
|
|a odborná, vedecká literatúra pôvodná (slovenská)
|2 lita
|
| 958 |
|
|
|a article1
|
| 958 |
|
|
|a OND
|
| 958 |
|
|
|a EUIPO
|
| 999 |
|
|
|c 3079639
|d 3081569
|